Obálka Náhled e-knihy:
PDF Epub
Pro půjčování e-knih musíte být přihlášeni.
Jak si půjčit online?

Bohové Olympu. Neptunův syn /

Druhý díl nové řady volně navazující na sérii knih o Percy Jacksonovi. Percy Jackson se probral ze spánku a dostává se do římského tábora polokrevných. Dobrodružný fantasy příběh pro starší děti.

Uloženo v:
Série:Bohové Olympu, část 2
Hlavní autor: Riordan, Rick, 1964- (Autor)
Médium: E-kniha
Jazyk:Czech
Vydáno: Praha : Fragment, 2012
Vydání:1. vyd.
Témata:
Příbuzné jednotky:Přeloženo z: Son of Neptune
Z cyklu:: Bohové Olympu
Tagy:
Žádné tagy
LEADER 02511nam a2200469 a 4500
001 305899
003 CZ PrSKC
005 20260601215541.0
007 ta
008 121017s2012 xr a d 000 f cze
015 |a cnb002410294 
020 |a 9788025314630  |q (váz.) 
035 |a (OCoLC)820694642 
040 |a ABA001  |b cze 
041 1 |a cze  |h eng 
072 7 |a 821.111(73)-3  |x Americká próza  |2 Konspekt 
072 7 |a 821-93  |x Literatura pro děti a mládež (beletrie)  |2 Konspekt 
080 |a 821.111(73)-31  |2 MRF 
080 |a 821-93  |2 MRF 
080 |a (0:82-312.9)  |2 MRF 
100 1 |a Riordan, Rick,  |d 1964-  |7 xx0103318  |4 aut 
245 1 0 |a Bohové Olympu.  |p Neptunův syn /  |c napsal Rick Riordan ; [z anglického originálu ... přeložila Dana Chodilová] 
246 3 0 |a Neptunův syn 
250 |a 1. vyd. 
260 |a Praha :  |b Fragment,  |c 2012 
300 |a 472 s. :  |b il. ;  |c 22 cm 
520 2 |a Druhý díl nové řady volně navazující na sérii knih o Percy Jacksonovi. Percy Jackson se probral ze spánku a dostává se do římského tábora polokrevných. Dobrodružný fantasy příběh pro starší děti. 
520 2 |a Percy Jackson se probral z několikaměsíčního spánku. Ale nepamatuje si nic ani nikoho ze své minulosti. Už několik týdnů prchá před nezničitelnými gorgonami, dokud ho osud nezavede do římského tábora polokrevných, dětí bohů. Bude přijat jako přítel nebo vetřelec? Zbývá pouhý týden do svátku bohyně Juno, pak bude římský tábor napaden a zničen. Vypadá to, že Thanatos, bůh smrti, byl spoután. Dávno mrtví nepřátelé znovu ožívají. 
521 8 |a Pro čtenáře od 11 let 
655 7 |a americké romány  |7 fd131796  |2 czenas 
655 7 |a fantasy romány  |7 fd184199  |2 czenas 
655 7 |a publikace pro mládež  |7 fd133157  |2 czenas 
655 9 |a American fiction  |2 eczenas 
655 9 |a fantasy novels  |2 eczenas 
655 9 |a juvenile literature  |2 eczenas 
765 0 |t Son of Neptune 
787 0 8 |i Z cyklu:  |t Bohové Olympu  |g 2 
900 |a ABA001  |b 18 
044 |a xr 
910 |a RBIT002 
998 |d 3866  |a https://core.palmknihy.cz/api/books/3866/cover?tfv9pg  |b https://core.palmknihy.cz/api/books/3866/cover/400?tfv9pg  |c https://core.palmknihy.cz/api/books/3866/cover/50?tfv9pg  |e 2026-08-09  |g 480  |i 9788025314630  |j https://core.palmknihy.cz/api/books/3866/preview.epub  |k https://core.palmknihy.cz/api/books/3866/preview.pdf  |l   |q 49  |r 1  |s https://www.palmknihy.cz/kniha/3866  |t ebook  |y 2012  |z 0  |v Bohové Olympu  |w 2 
999 |d 305897